| 000 | 00948nac a22002657a 4500 | ||
|---|---|---|---|
| 001 | BR6000132 | ||
| 003 | BR-BrBNA | ||
| 005 | 20240105112943.0 | ||
| 008 | 230509b bl.|||m| |||| 00| 0 por d | ||
| 040 |
_aBR-BrBNA _bpor _cBiblioteca Nacional de Agricultura |
||
| 072 | _aE70 | ||
| 090 | _aE70 BR6000132 | ||
| 110 | 1 |
_aFundacao Instituto Brasileiro de Geografia e Estatistica, Rio de Janeiro, GB (Brasil). Depto. de Estatisticas Industriais, Comerciais e de Servicos _94920 |
|
| 245 | 1 | _aComercio interestadual. Exportacao por vias internas 1971, Bahia [Brasil] | |
| 260 | 3 |
_aRio de Janeiro, GB (Brasil): _c1972. |
|
| 300 | _a105 p. | ||
| 490 |
_aComercio Interestadual. Exportacao por Vias Internas, Bahia (Brazil) _v _x |
||
| 500 | _aNumerical data | ||
| 650 | _aComercializacao | ||
| 650 | _aComercio interno | ||
| 650 | _aExportacao | ||
| 650 | _aBahia | ||
| 909 |
_a202312 _bLúcia Elande _c55 _dLúcia Elande |
||
| 942 |
_2AGRIS _n0 _cMS |
||
| 999 |
_c261109 _d261109 |
||